LEADER 01024nam a2200241 i 4500 001 000000342757 003 CaOOAMICUS 005 20201029151153.0 008 201029n it u000 u ita u 013 $a230880 040 $aSeMil$bita 100 1 $aSerenthà, Luigi,$c.$0(OLS)http://semarc/name/10583 245 13$aLe vocazioni dei laici come problema di teologia pratica /$cprof. don Luigi Serenthà. 260 $a[S.l. :$bs.n.],$cs.d. 300 $a6 c. ;$c30 cm. 500 $aFotoriproduzioni 650 4$aTeologia pratica.$0(OLS)http://semarc/subject/48111 650 4$aSerenthà, Luigi - Scritti, discorsi, omelie, etc.$0(OLS)http://semarc/subject/5357 850 $aSeMil 852 $aSeMil$W1$xVenegono$y1$m5D XI 24/15$j222021$B233639$CSeMilBibl$Z2$F233639 $81 996 $6245$aLe vocazioni dei laici come problema di teologia pratica$9(OLS)http://semarc/title/431627 996 $6260$a[S.l. :$bs.n.]$9(OLS)http://semarc/publisher/29751 LEADER 01094nam a2200217 i 4500 001 000000030133 003 CaOOAMICUS 005 20180830125448.0 008 180830s1923 it u000 u ita u 040 $aSeMil$bita 100 1 $aGratry, Alphonse,$d<1805-1872>.$0(OLS)http://semarc/name/7336 245 10$aCommentario sul Vangelo secondo S. Matteo /$cAlphonse Gratry ; versione di Luigi Giovanola ; prefazione del padre A. Cresi. 260 $aTorino ; Roma :$bMarietti,$c1923. 300 $av. , 18 cm. 650 4$aBibbia. Nuovo Testamento. Vangelo secondo Matteo - Commentari, studi, critica, interpretazioni.$0(OLS)http://semarc/subject/32 700 1 $aGiovanola, Luigi.$0(OLS)http://semarc/name/13812 773 0 $tCollezione Pietro Marietti.$dTorino : Tipografia Pontificia Cav. Pietro Marietti, [185-?]$w()13864 774 0 $t1.$kCollezione Pietro Marietti$w()197046 774 0 $t2.$kCollezione Pietro Marietti$w()231144 996 $6245$aCommentario sul Vangelo secondo S. Matteo$9(OLS)http://semarc/title/41010 996 $6260$aTorino ; Roma :$bMarietti$9(OLS)http://semarc/publisher/32636